Statistics for Largest Cities in Northeast Africa on a Map

Click here to take the quiz!

General Stats

  • This quiz has been taken 54 times
  • The average score is 11 of 15

Answers on the Map

Answers color-coded by a green-red scale on the quiz's map according to % correct below.
 

Answer Stats

PopulationCity% Correct
5.11 mAlexandria
100%
9.29 mCairo
100%
3.27 mAddis Ababa
98%
1.41 mKhartoum
98%
4.40 mNairobi
94%
1.65 mMogadishu
90%
1.21 mMombasa
88%
0.95 mN'Djamena
88%
4.21 mGiza
78%
0.76 mPort Said
71%
0.74 mSuez
63%
0.74 mHargeisa
49%
1.85 mOmdurman
47%
1.01 mKhartoum North
25%
1.19 mShubra El Kheima
6%

Score Distribution

Percentile by Number Answered

Percent of People with Each Score

Your Score History

You have not taken this quiz